[Event "DVM U20w 2009"]
[Site "Chemnitz GER"]
[Date "2009.12.29"]
[Round "6"]
[White "Kleinschmidt, Annika"]
[Black "Erben, Larissa"]
[Result "0-1"]
[Termination "normal"]
[Board "1.1"]
[WhiteElo "1568"]
[BlackElo "2023"]
[WhiteTeam "SK Nordhorn-Blanke"]
[BlackTeam "SV Stuttgart-Wolfbusch 1956"]
[PlyCount "56"]
[WhiteFideId "24670049"]
[BlackFideId "24634590"]
[EventCountry "GER"]
[EventRounds "7"]
[EventType "team-swiss"]
[EventDate "2009.12.26"]

1. e4 c5 2. Nc3 Nc6 3. g3 g6 4. Bg2 Bg7 5. d3 e6 6. Nge2 d6 7. O-O Rb8 8. f4
Nge7 9. a3 O-O 10. h3 b5 11. g4 f5 12. Qe1 Qb6 13. gxf5 gxf5 14. Qh4 Ng6 15.
Qg5 b4 16. Nd1 Ba6 17. Ne3 c4 18. exf5 Rxf5 19. Qg4 cxd3 20. cxd3 Bxd3 21. Bxc6
Qxc6 22. Nxf5 exf5 23. Qg3 Bxe2 24. Re1 Bf3 25. Re3 Bd4 26. h4 Kh8 27. Kf2 Be4
28. h5 Ne7 0-1

[Event "DVM U20w 2009"]
[Site "Chemnitz GER"]
[Date "2009.12.29"]
[Round "6"]
[White "Djalalova, Nigora"]
[Black "Veelders, Wiebke"]
[Result "1-0"]
[Termination "normal"]
[Board "1.2"]
[WhiteElo "1984"]
[BlackElo "1484"]
[WhiteTeam "SV Stuttgart-Wolfbusch 1956"]
[BlackTeam "SK Nordhorn-Blanke"]
[PlyCount "81"]
[WhiteFideId "14202166"]
[BlackFideId "1270955"]
[EventCountry "GER"]
[EventRounds "7"]
[EventType "team-swiss"]
[EventDate "2009.12.26"]

1. d4 f5 2. g3 Nf6 3. Bg2 g6 4. Nf3 Bg7 5. O-O O-O 6. c3 d6 7. Qb3+ Kh8 8. Ng5
d5 9. Nd2 h6 10. Ngf3 Nbd7 11. Qc2 Qe8 12. c4 c6 13. cxd5 Nxd5 14. Nc4 N5b6 15.
Nce5 Nxe5 16. Nxe5 Nd7 17. Nf3 e5 18. dxe5 Nxe5 19. e3 Nxf3+ 20. Bxf3 Be6 21.
Bd2 Qf7 22. a3 Bb3 23. Qc1 Rad8 24. Bc3 Bd5 25. Bxd5 Rxd5 26. Qc2 Bxc3 27.
Qxc3+ Qg7 28. Qc2 Rfd8 29. b4 Qe5 30. Rad1 Kg7 31. Qa4 a6 32. Qc2 R8d6 33. Rfe1
Qe4 34. Qc3+ Kf7 35. Rxd5 Qxd5 36. Qh8 Rd7 37. Qxh6 Kf6 38. h4 Qd2 39. Rf1 Qe2
40. Qf8+ Ke6 41. Qe8+ 1-0

[Event "DVM U20w 2009"]
[Site "Chemnitz GER"]
[Date "2009.12.29"]
[Round "6"]
[White "Baisakow, Christine"]
[Black "Stitterich, Nadine"]
[Result "0-1"]
[Termination "normal"]
[Board "1.3"]
[WhiteElo "1476"]
[BlackElo "1956"]
[WhiteTeam "SK Nordhorn-Blanke"]
[BlackTeam "SV Stuttgart-Wolfbusch 1956"]
[PlyCount "78"]
[WhiteFideId "24680052"]
[BlackFideId "24676527"]
[EventCountry "GER"]
[EventRounds "7"]
[EventType "team-swiss"]
[EventDate "2009.12.26"]

1. e4 c5 2. Nc3 Nc6 3. Bc4 g6 4. f4 e6 5. Nf3 Bg7 6. O-O Nge7 7. d3 O-O 8. Qe1
a6 9. Qh4 b5 10. Bb3 d6 11. f5 exf5 12. Bg5 Qc7 13. a3 Ra7 14. Bh6 Qb6 15. Kh1
c4 16. dxc4 bxc4 17. Ng5 Qd4 18. Rf4 Bxh6 19. Qxh6 Qg7 20. Qxg7+ Kxg7 21. Bxc4
h6 22. exf5 Bxf5 23. Nxf7 d5 24. Nxh6 dxc4 25. Nxf5+ Nxf5 26. Rxc4 Raf7 27. h3
Ne5 28. Ra4 Rb7 29. b3 Rc8 30. Nd5 Rxc2 31. Rxa6 Rxb3 32. Nf4 Ng3+ 33. Kh2 Ne4
34. Ne6+ Kh6 35. Nd4 Rcb2 36. Re1 Rg3 37. Rxe4 Rbxg2+ 38. Kh1 Rg1+ 39. Kh2
R3g2# 0-1

[Event "DVM U20w 2009"]
[Site "Chemnitz GER"]
[Date "2009.12.29"]
[Round "6"]
[White "Mijatovic, Andrea"]
[Black "Warmer, Marina"]
[Result "1-0"]
[Termination "normal"]
[Board "1.4"]
[WhiteElo "1869"]
[BlackElo "1337"]
[WhiteTeam "SV Stuttgart-Wolfbusch 1956"]
[BlackTeam "SK Nordhorn-Blanke"]
[PlyCount "53"]
[WhiteFideId "14514524"]
[BlackFideId "12909840"]
[EventCountry "GER"]
[EventRounds "7"]
[EventType "team-swiss"]
[EventDate "2009.12.26"]

1. e4 e6 2. d4 d5 3. exd5 exd5 4. Nf3 Bd6 5. c4 Nf6 6. Nc3 c6 7. Bd3 dxc4 8.
Bxc4 O-O 9. O-O Bg4 10. Re1 Nbd7 11. h3 Bh5 12. g4 Bg6 13. Ne5 Re8 14. f4 h6
15. Nxg6 Rxe1+ 16. Qxe1 Nb6 17. Bb3 Bb4 18. Qf2 Nfd5 19. Nxd5 Nxd5 20. Ne5 Qd6
21. Bxd5 Qxd5 22. Be3 Rd8 23. a3 Ba5 24. Rd1 Bc7 25. Qe2 c5 26. Qc4 Qxc4 27.
Nxc4 1-0

[Event "DVM U20w 2009"]
[Site "Chemnitz GER"]
[Date "2009.12.29"]
[Round "6"]
[White "Sonnhalter, Stella"]
[Black "Endress, Anna"]
[Result "1/2-1/2"]
[Termination "normal"]
[Board "2.1"]
[WhiteElo "1730"]
[BlackElo "2090"]
[WhiteTeam "SC Réti Heusweiler"]
[BlackTeam "TSV Schott-Mainz"]
[PlyCount "50"]
[WhiteFideId "4624815"]
[BlackFideId "24629472"]
[EventCountry "GER"]
[EventRounds "7"]
[EventType "team-swiss"]
[EventDate "2009.12.26"]

1. e4 c5 2. Nf3 e6 3. d4 cxd4 4. Nxd4 a6 5. Nc3 Qc7 6. Be3 Bb4 7. Qd2 Nf6 8. f3
d5 9. Bd3 e5 10. exd5 exd4 11. Bxd4 Nxd5 12. O-O Nxc3 13. bxc3 Bd6 14. Rae1+
Be6 15. f4 Nc6 16. f5 Nxd4 17. cxd4 O-O-O 18. fxe6 Bxh2+ 19. Kh1 fxe6 20. c3
Rd5 21. Rf3 Rh5 22. Rh3 Rxh3 23. gxh3 Bg3 24. Rxe6 Rf8 25. Qe3 Bd6 1/2-1/2

[Event "DVM U20w 2009"]
[Site "Chemnitz GER"]
[Date "2009.12.29"]
[Round "6"]
[White "Frey, Alisa"]
[Black "Alt, Elisabeth"]
[Result "1-0"]
[Termination "normal"]
[Board "2.2"]
[WhiteElo "2038"]
[BlackElo "1328"]
[WhiteTeam "TSV Schott-Mainz"]
[BlackTeam "SC Réti Heusweiler"]
[PlyCount "53"]
[WhiteFideId "24634662"]
[BlackFideId "24692620"]
[EventCountry "GER"]
[EventRounds "7"]
[EventType "team-swiss"]
[EventDate "2009.12.26"]

1. d4 d5 2. c4 c6 3. Nc3 Nf6 4. e3 a6 5. Qc2 b5 6. b3 Qc7 7. Nf3 Bg4 8. Ne5 b4
9. Na4 Nbd7 10. Nxg4 Nxg4 11. cxd5 Nb8 12. dxc6 Qxc6 13. Qxc6+ Nxc6 14. Bd2 e6
15. Be2 Nf6 16. Bf3 Rc8 17. Rc1 Nd5 18. Bxd5 exd5 19. Nb6 Rc7 20. Nxd5 Rc8 21.
Ke2 Bd6 22. Rc4 O-O 23. Rhc1 Na7 24. Rxc8 Rxc8 25. Rxc8+ Nxc8 26. Nxb4 Bxb4 27.
Bxb4 1-0

[Event "DVM U20w 2009"]
[Site "Chemnitz GER"]
[Date "2009.12.29"]
[Round "6"]
[White "Brühan, Caren"]
[Black "Voss, Chantal"]
[Result "0-1"]
[Termination "normal"]
[Board "2.3"]
[WhiteElo "1288"]
[BlackElo "1868"]
[WhiteTeam "SC Réti Heusweiler"]
[BlackTeam "TSV Schott-Mainz"]
[PlyCount "46"]
[WhiteFideId "24691976"]
[BlackFideId "4664906"]
[EventCountry "GER"]
[EventRounds "7"]
[EventType "team-swiss"]
[EventDate "2009.12.26"]

1. d4 d5 2. Nf3 e6 3. e3 Nf6 4. c3 b6 5. Bd3 c5 6. O-O Bd6 7. Re1 Bb7 8. Nbd2
Ne4 9. Qc2 f5 10. c4 Nd7 11. b3 O-O 12. Bb2 Qc7 13. Rac1 h6 14. dxc5 bxc5 15.
cxd5 exd5 16. Kh1 Nxf2+ 17. Kg1 Ne4 18. Rf1 Rae8 19. Bxe4 fxe4 20. Qc3 Nf6 21.
Nd4 Bxh2+ 22. Kh1 Qe5 23. Nb5 Qh5 0-1

[Event "DVM U20w 2009"]
[Site "Chemnitz GER"]
[Date "2009.12.29"]
[Round "6"]
[White "Voss, Janine"]
[Black "Puffay, Jana"]
[Result "1-0"]
[Termination "normal"]
[Board "2.4"]
[WhiteElo "1820"]
[BlackElo "1289"]
[WhiteTeam "TSV Schott-Mainz"]
[BlackTeam "SC Réti Heusweiler"]
[PlyCount "47"]
[WhiteFideId "24677329"]
[BlackFideId "24692360"]
[EventCountry "GER"]
[EventRounds "7"]
[EventType "team-swiss"]
[EventDate "2009.12.26"]

1. e4 c5 2. Nf3 Nc6 3. d4 cxd4 4. Nxd4 g6 5. Nc3 Bg7 6. Be3 Nf6 7. f3 O-O 8.
Bc4 Qb6 9. Bb3 Nxe4 10. Nd5 Qa5+ 11. c3 Nc5 12. Nxc6 bxc6 13. Nxe7+ Kh8 14.
Nxc8 Raxc8 15. O-O Rfe8 16. Bf2 Nxb3 17. axb3 Qe5 18. Qxd7 Rc7 19. Qd1 Qe2 20.
Re1 Qxd1 21. Raxd1 Rxe1+ 22. Rxe1 Kg8 23. Re8+ Bf8 24. Bc5 1-0

[Event "DVM U20w 2009"]
[Site "Chemnitz GER"]
[Date "2009.12.29"]
[Round "6"]
[White "Karmann, Anna"]
[Black "Lorenz, Nicole"]
[Result "1-0"]
[Termination "normal"]
[Board "3.1"]
[WhiteElo "1912"]
[BlackElo "1889"]
[WhiteTeam "SG Porz"]
[BlackTeam "SG Grün-Weiß Dresden"]
[PlyCount "92"]
[WhiteFideId "24648000"]
[BlackFideId "24623709"]
[EventCountry "GER"]
[EventRounds "7"]
[EventType "team-swiss"]
[EventDate "2009.12.26"]

1. c4 e6 2. g3 Nf6 3. Bg2 d5 4. Nf3 Be7 5. O-O O-O 6. b3 c5 7. cxd5 Nxd5 8. Bb2
Nc6 9. Na3 Bf6 10. Bxf6 Qxf6 11. Nc4 Rd8 12. a3 e5 13. Qc2 Be6 14. d3 Rac8 15.
Qb2 e4 16. dxe4 Qxb2 17. Nxb2 Nc3 18. Rfe1 Bxb3 19. Rac1 Nxe4 20. Nh4 Nf6 21.
Rxc5 Rd2 22. Nc4 Rc2 23. Nd6 Rxc5 24. Nxc8 b5 25. Bxc6 a5 26. Na7 b4 27. axb4
axb4 28. Rb1 Be6 29. Rxb4 g6 30. Kg2 Rc2 31. Bb5 Nd5 32. Rd4 Nc3 33. Bd3 Ra2
34. Nb5 Nxe2 35. Bxe2 Rxe2 36. Rd8+ Kg7 37. Nd4 Re1 38. Nxe6+ Rxe6 39. Nf3 Re7
40. Rd4 h6 41. Nd2 Ra7 42. Ne4 Re7 43. g4 Ra7 44. h4 Re7 45. Kg3 Ra7 46. Rd8 f5
1-0

[Event "DVM U20w 2009"]
[Site "Chemnitz GER"]
[Date "2009.12.29"]
[Round "6"]
[White "Stark, Saskia"]
[Black "Zikeli, Julia"]
[Result "1/2-1/2"]
[Termination "normal"]
[Board "3.2"]
[WhiteElo "1956"]
[BlackElo "1852"]
[WhiteTeam "SG Grün-Weiß Dresden"]
[BlackTeam "SG Porz"]
[PlyCount "73"]
[WhiteFideId "4601050"]
[BlackFideId "24622753"]
[EventCountry "GER"]
[EventRounds "7"]
[EventType "team-swiss"]
[EventDate "2009.12.26"]

1. e4 c5 2. Nc3 Nc6 3. Bb5 Nd4 4. Bc4 e6 5. Nge2 Nxe2 6. Qxe2 a6 7. a4 b6 8. d3
Bb7 9. O-O Qc7 10. f4 Ne7 11. f5 Nc6 12. Bg5 Bd6 13. Qh5 Nd4 14. Rf2 h6 15. g3
Rf8 16. fxe6 dxe6 17. Bc1 O-O-O 18. Qh3 Rh8 19. Be3 Be5 20. Raf1 Rdf8 21. Nd1
Kb8 22. c3 Nc6 23. Bxe6 f6 24. Bd5 Bc8 25. Qg2 h5 26. Bf4 h4 27. Bxc6 Bxf4 28.
Rxf4 hxg3 29. Qxg3 Rh3 30. Qf2 Qxc6 31. Rf3 Rfh8 32. Rxh3 Rxh3 33. Qf4+ Kb7 34.
Nf2 Rh5 35. Ra1 Rg5+ 36. Kf1 Qe6 37. c4 1/2-1/2

[Event "DVM U20w 2009"]
[Site "Chemnitz GER"]
[Date "2009.12.29"]
[Round "6"]
[White "Micklich, Rahel"]
[Black "Dorn, Carina"]
[Result "0-1"]
[Termination "normal"]
[Board "3.3"]
[WhiteElo "1778"]
[BlackElo "1867"]
[WhiteTeam "SG Porz"]
[BlackTeam "SG Grün-Weiß Dresden"]
[PlyCount "90"]
[WhiteFideId "24639184"]
[BlackFideId "24666335"]
[EventCountry "GER"]
[EventRounds "7"]
[EventType "team-swiss"]
[EventDate "2009.12.26"]

1. d4 Nf6 2. c4 e6 3. Nc3 Bb4 4. Qc2 O-O 5. a3 Bxc3+ 6. Qxc3 Ne4 7. Qc2 f5 8.
e3 b6 9. Nh3 Bb7 10. f3 Qh4+ 11. g3 Qe7 12. Bg2 Nd6 13. O-O Nf7 14. e4 fxe4 15.
fxe4 e5 16. d5 d6 17. Be3 Nd7 18. Qe2 Bc8 19. b4 a5 20. Qd2 Nf6 21. Ng5 Nxg5
22. Bxg5 h6 23. Bxf6 Rxf6 24. Rxf6 Qxf6 25. Rf1 Qe7 26. b5 Bg4 27. Bf3 Bh3 28.
Bg2 Bd7 29. a4 Rf8 30. Rxf8+ Qxf8 31. Qf2 Bg4 32. Qd2 Qf6 33. h3 Bh5 34. g4 Bg6
35. Qf2 Qg5 36. Qc2 Qe3+ 37. Kh2 h5 38. Kh1 hxg4 39. hxg4 Kf7 40. Kh2 Kf6 41.
Qb1 Kg5 42. Qc2 Kxg4 43. Qd1+ Kh4 44. Qf3 Qxf3 45. Bxf3 Bh5 0-1

[Event "DVM U20w 2009"]
[Site "Chemnitz GER"]
[Date "2009.12.29"]
[Round "6"]
[White "Hoffmann, Hanna Dorina"]
[Black "Bachem, Sabrina"]
[Result "1/2-1/2"]
[Termination "normal"]
[Board "4.1"]
[WhiteElo "1589"]
[BlackElo "1474"]
[WhiteTeam "Dortmunder SV 1875"]
[BlackTeam "TTC GW Fritzdorf 1958"]
[PlyCount "77"]
[WhiteFideId "12909858"]
[EventCountry "GER"]
[EventRounds "7"]
[EventType "team-swiss"]
[EventDate "2009.12.26"]

1. e4 c5 2. Nf3 e6 3. d4 cxd4 4. Nxd4 Nf6 5. Nc3 d6 6. Be2 Be7 7. Be3 Nc6 8.
O-O O-O 9. f3 a6 10. Qd2 Nxd4 11. Bxd4 e5 12. Bf2 Be6 13. Na4 Nd7 14. b3 Nc5
15. Nb2 d5 16. exd5 Qxd5 17. Qc3 Rac8 18. Rad1 Qc6 19. Nc4 f6 20. Kh1 Kh8 21.
Qd2 Rfd8 22. Qc1 Bf5 23. Rxd8+ Rxd8 24. Rd1 Rxd1+ 25. Qxd1 Qd7 26. Qc1 Bg6 27.
Ne3 Ne6 28. c3 Nf4 29. Bf1 Nd3 30. Bxd3 Qxd3 31. Nc4 Qe2 32. Qe3 Qxa2 33. Qa7
Bf8 34. Qxb7 Qa1+ 35. Bg1 Qxc3 36. h3 Qb4 37. Nb6 Qxb3 38. Qc8 Qg8 39. Bc5
1/2-1/2

[Event "DVM U20w 2009"]
[Site "Chemnitz GER"]
[Date "2009.12.29"]
[Round "6"]
[White "Sturm, Johanna"]
[Black "Friese, Sarah"]
[Result "0-1"]
[Termination "normal"]
[Board "4.2"]
[WhiteElo "1464"]
[BlackElo "1311"]
[WhiteTeam "TTC GW Fritzdorf 1958"]
[BlackTeam "Dortmunder SV 1875"]
[PlyCount "82"]
[WhiteFideId "12909904"]
[BlackFideId "24691950"]
[EventCountry "GER"]
[EventRounds "7"]
[EventType "team-swiss"]
[EventDate "2009.12.26"]

1. e4 c6 2. d4 d5 3. exd5 cxd5 4. Nc3 Nf6 5. h3 Bf5 6. Bf4 Nc6 7. Nf3 e6 8. Bb5
a6 9. Ba4 b5 10. Bb3 Bd6 11. Bxd6 Qxd6 12. Ne2 Ne4 13. c3 O-O 14. O-O Rac8 15.
Bc2 Rc7 16. Nh4 Ne7 17. Nxf5 exf5 18. Rc1 f4 19. Qd3 Ng6 20. Qf3 f5 21. Rfe1
Rf6 22. Qh5 Ne7 23. Rcd1 Rc8 24. Qf3 g5 25. g3 fxg3 26. Nxg3 Rcf8 27. Re2 Rg6
28. Rde1 g4 29. hxg4 Rxg4 30. Kg2 h5 31. Kh3 Ng5+ 32. Kg2 Nxf3 33. Kxf3 Qf4+
34. Kg2 Ng6 35. Kh3 Rxg3+ 36. fxg3 Qg4+ 37. Kh2 h4 38. Rg2 hxg3+ 39. Rxg3 Qh4+
40. Rh3 Qxe1 41. Rg3 Kg7 0-1

[Event "DVM U20w 2009"]
[Site "Chemnitz GER"]
[Date "2009.12.29"]
[Round "6"]
[White "Finke, Lara"]
[Black "Bachem, Lisa"]
[Result "1/2-1/2"]
[Termination "normal"]
[Board "4.3"]
[WhiteElo "1258"]
[BlackElo "1221"]
[WhiteTeam "Dortmunder SV 1875"]
[BlackTeam "TTC GW Fritzdorf 1958"]
[PlyCount "67"]
[WhiteFideId "12909874"]
[BlackFideId "12909912"]
[EventCountry "GER"]
[EventRounds "7"]
[EventType "team-swiss"]
[EventDate "2009.12.26"]

1. e4 e6 2. d4 d5 3. exd5 exd5 4. Nf3 c5 5. Be3 Qb6 6. b3 Nf6 7. Be2 Nc6 8. O-O
Bg4 9. c3 O-O-O 10. Re1 h6 11. dxc5 Bxc5 12. Bxc5 Qxc5 13. Nd4 Bxe2 14. Rxe2
Rhe8 15. Rc2 Kb8 16. Nxc6+ Qxc6 17. Nd2 Ne4 18. Rac1 Qc5 19. Nf3 Re6 20. Nd4
Rf6 21. Qd3 a6 22. h3 Rd7 23. c4 Rd8 24. Nf3 Rfd6 25. cxd5 Qxd5 26. Qxd5 Rxd5
27. Re2 Rd1+ 28. Rxd1 Rxd1+ 29. Re1 Rxe1+ 30. Nxe1 Nc3 31. a4 Ne4 32. Nd3 f6
33. f3 Nd2 34. Nc1 1/2-1/2

[Event "DVM U20w 2009"]
[Site "Chemnitz GER"]
[Date "2009.12.29"]
[Round "6"]
[White "Jentsch, Jasmin"]
[Black "Hoffmann, Clara Sandrine"]
[Result "0-1"]
[Termination "normal"]
[Board "4.4"]
[WhiteElo "1144"]
[BlackElo "1199"]
[WhiteTeam "TTC GW Fritzdorf 1958"]
[BlackTeam "Dortmunder SV 1875"]
[PlyCount "66"]
[WhiteFideId "12909920"]
[BlackFideId "12909882"]
[EventCountry "GER"]
[EventRounds "7"]
[EventType "team-swiss"]
[EventDate "2009.12.26"]

1. e4 c5 2. Nf3 d6 3. d4 cxd4 4. Qxd4 Nc6 5. Bb5 Bd7 6. Bxc6 Bxc6 7. Nc3 Nf6 8.
Bg5 e5 9. Qd3 Be7 10. h3 O-O 11. O-O-O h6 12. Bxf6 Bxf6 13. Qxd6 Qb6 14. Qd2
Rad8 15. Qe2 Rfe8 16. Rd2 Rxd2 17. Qxd2 Bb5 18. Nd5 Qa6 19. a3 Qe6 20. b3 Rd8
21. Nxf6+ Qxf6 22. Qe3 Qd6 23. Qxa7 b6 24. a4 Be2 25. a5 Bxf3 26. gxf3 Qd2+ 27.
Kb1 bxa5 28. Qe7 Rc8 29. Rc1 a4 30. Qa3 axb3 31. Qxb3 Qd6 32. Qd5 Rb8+ 33. Ka1
Qa3+ 0-1

[Event "DVM U20w 2009"]
[Site "Chemnitz GER"]
[Date "2009.12.29"]
[Round "6"]
[White "Drewes, Carina"]
[Black "Groschwitz, Isabella"]
[Result "1/2-1/2"]
[Termination "normal"]
[Board "5.1"]
[WhiteElo "1789"]
[BlackElo "1503"]
[WhiteTeam "SF Düsseldorf 75"]
[BlackTeam "SF Fichtelgebirge"]
[PlyCount "86"]
[WhiteFideId "24600296"]
[EventCountry "GER"]
[EventRounds "7"]
[EventType "team-swiss"]
[EventDate "2009.12.26"]

1. d4 d5 2. Nf3 Bg4 3. Bf4 Nf6 4. Nbd2 g6 5. h3 Bxf3 6. Nxf3 Bg7 7. e3 O-O 8.
Bd3 Nc6 9. O-O Re8 10. c3 Nh5 11. Bh2 e5 12. Bb5 e4 13. Ne5 Re6 14. Nxc6 bxc6
15. Be2 Nf6 16. Rc1 Re7 17. c4 Rb8 18. b3 Bh6 19. Rc3 Rb7 20. Qc2 dxc4 21. Rxc4
Nd5 22. Rc5 Bxe3 23. Rxd5 Bxf2+ 24. Rxf2 cxd5 25. Be5 Re6 26. Qc1 f6 27. Bg3
Kg7 28. Rf1 a6 29. Kh1 a5 30. Qc5 c6 31. Be1 Qb6 32. Qxb6 Rxb6 33. Bxa5 Rb7 34.
Kg1 f5 35. Bd2 Rc7 36. b4 Ra7 37. Ra1 Ra3 38. Kf1 h6 39. Bc1 Ra7 40. a4 g5 41.
a5 f4 42. Ra3 Rf6 43. Kf2 Kg6 1/2-1/2

[Event "DVM U20w 2009"]
[Site "Chemnitz GER"]
[Date "2009.12.29"]
[Round "6"]
[White "Zürner, Bianca"]
[Black "Brustina, Valeriya"]
[Result "0-1"]
[Termination "normal"]
[Board "5.2"]
[WhiteElo "1329"]
[BlackElo "1353"]
[WhiteTeam "SF Fichtelgebirge"]
[BlackTeam "SF Düsseldorf 75"]
[PlyCount "64"]
[WhiteFideId "12909963"]
[EventCountry "GER"]
[EventRounds "7"]
[EventType "team-swiss"]
[EventDate "2009.12.26"]

1. e4 c5 2. Nf3 Nc6 3. Bc4 e6 4. O-O g6 5. d4 cxd4 6. Nxd4 Bg7 7. Nxc6 bxc6 8.
Nd2 Ne7 9. Nf3 O-O 10. c3 d5 11. exd5 cxd5 12. Bb3 e5 13. Re1 e4 14. Nd4 Be6
15. Bg5 h6 16. Bxe7 Qxe7 17. Nxe6 fxe6 18. Bc2 Rf6 19. Rf1 Raf8 20. Qe2 Qf7 21.
Rad1 h5 22. h4 Bh6 23. g4 hxg4 24. Kg2 Rf3 25. a3 Qf5 26. a4 Bf4 27. Kg1 Be5
28. Qd2 Rh3 29. f3 gxf3 30. Rf2 Qg4+ 31. Rg2 fxg2 32. Qxg2 Rg3 0-1

[Event "DVM U20w 2009"]
[Site "Chemnitz GER"]
[Date "2009.12.29"]
[Round "6"]
[White "Biryuk, Svitlana"]
[Black "Heym, Alexandra"]
[Result "1-0"]
[Termination "normal"]
[Board "5.3"]
[WhiteElo "1135"]
[BlackElo "1206"]
[WhiteTeam "SF Düsseldorf 75"]
[BlackTeam "SF Fichtelgebirge"]
[PlyCount "85"]
[EventCountry "GER"]
[EventRounds "7"]
[EventType "team-swiss"]
[EventDate "2009.12.26"]

1. c4 d6 2. d4 g6 3. e4 Nf6 4. Nc3 Bg7 5. Bf4 O-O 6. Qd2 b6 7. Be2 Bb7 8. d5 c6
9. Bh6 cxd5 10. Bxg7 Kxg7 11. cxd5 Re8 12. Bc4 Qc8 13. Qe2 Nbd7 14. Bb5 e6 15.
dxe6 Rxe6 16. Bxd7 Qxd7 17. f3 d5 18. Rd1 Rae8 19. Nh3 h6 20. O-O d4 21. Rfe1
Rd8 22. e5 d3 23. exf6+ Kxf6 24. Qd2 Rxe1+ 25. Rxe1 Kg7 26. Nf4 Qd4+ 27. Kf1 g5
28. Nh3 Kf8 29. Nf2 Re8 30. Rxe8+ Kxe8 31. Qxd3 Qxd3+ 32. Nxd3 Ba6 33. Ke2 f5
34. Ke3 f4+ 35. Kd4 Bxd3 36. Kxd3 Ke7 37. Ke4 Kf6 38. Nb5 a6 39. Nc7 Kf7 40.
Nxa6 Ke6 41. b4 Kd6 42. b5 h5 43. Kf5 1-0

[Event "DVM U20w 2009"]
[Site "Chemnitz GER"]
[Date "2009.12.29"]
[Round "6"]
[White "Heym, Stephanie"]
[Black "Wichtmann, Barbara"]
[Result "0-1"]
[Termination "normal"]
[Board "5.4"]
[WhiteElo "1116"]
[BlackElo "1037"]
[WhiteTeam "SF Fichtelgebirge"]
[BlackTeam "SF Düsseldorf 75"]
[PlyCount "75"]
[EventCountry "GER"]
[EventRounds "7"]
[EventType "team-swiss"]
[EventDate "2009.12.26"]

1. e4 e5 2. f4 d6 3. Nf3 Nc6 4. Bc4 Nf6 5. Nc3 Bg4 6. d3 Nd4 7. fxe5 dxe5 8.
Be3 Bb4 9. Bd2 Bxc3 10. Bxc3 Bxf3 11. gxf3 Nh5 12. Bxd4 Qxd4 13. c3 Qe3+ 14.
Qe2 Qf4 15. Rg1 O-O-O 16. Qf2 Kb8 17. Ke2 f5 18. exf5 Qxf5 19. Qc5 Nf4+ 20. Ke1
Qxd3 21. Rxg7 Qd2+ 22. Kf1 Rc8 23. Qxe5 Qxh2 24. Qd4 Qh1+ 25. Rg1 Qxf3+ 26. Ke1
Rhe8+ 27. Kd2 Rcd8 28. Qxd8+ Rxd8+ 29. Kc2 a6 30. b4 Nd5 31. Bxd5 Rxd5 32. a4
h5 33. Rg8+ Ka7 34. Rg7 c6 35. c4 Qd3+ 36. Kc1 Qc3+ 37. Kb1 Rd1+ 38. Ka2 0-1

[Event "DVM U20w 2009"]
[Site "Chemnitz GER"]
[Date "2009.12.29"]
[Round "6"]
[White "Nekrasova, Kateryna"]
[Black "Wilke, Tabea"]
[Result "1-0"]
[Termination "normal"]
[Board "6.1"]
[WhiteElo "1810"]
[BlackElo "911"]
[WhiteTeam "SV Empor-Berlin"]
[BlackTeam "SC 1979 Hattersheim"]
[PlyCount "81"]
[WhiteFideId "24636266"]
[BlackFideId "12910015"]
[EventCountry "GER"]
[EventRounds "7"]
[EventType "team-swiss"]
[EventDate "2009.12.26"]

1. e4 e5 2. Bc4 Nf6 3. d3 Nc6 4. Nf3 Be7 5. O-O O-O 6. Re1 d6 7. c3 d5 8. exd5
Nxd5 9. Nxe5 Na5 10. Bxd5 Qxd5 11. Bf4 Re8 12. Qf3 Qxf3 13. Nxf3 Nc6 14. Bxc7
Bf5 15. d4 Rac8 16. Bg3 g5 17. Nbd2 g4 18. Ne5 h5 19. Nxc6 Rxc6 20. Re5 Rf6 21.
Rae1 Kg7 22. Rxe7 Rxe7 23. Rxe7 Rh6 24. d5 h4 25. Be5+ Kf8 26. Rxb7 Ra6 27. a3
Ra5 28. c4 Ra6 29. d6 Ke8 30. c5 Bd7 31. Rb8+ Bc8 32. Rxc8+ Kd7 33. Rc7+ Ke6
34. Re7+ Kd5 35. d7 Kxc5 36. d8=Q f5 37. Qd4+ Kb5 38. Qc4+ Kb6 39. Re6+ Kb7 40.
Qxa6+ Ka8 41. Re8# 1-0

[Event "DVM U20w 2009"]
[Site "Chemnitz GER"]
[Date "2009.12.29"]
[Round "6"]
[White "Mitze, Alicia"]
[Black "Velina, Valeria"]
[Result "0-1"]
[Termination "normal"]
[Board "6.2"]
[WhiteElo "827"]
[BlackElo "1781"]
[WhiteTeam "SC 1979 Hattersheim"]
[BlackTeam "SV Empor-Berlin"]
[PlyCount "57"]
[BlackFideId "24677345"]
[EventCountry "GER"]
[EventRounds "7"]
[EventType "team-swiss"]
[EventDate "2009.12.26"]

1. e4 c6 2. Nc3 d5 3. g3 dxe4 4. Nxe4 Bf5 5. Bg2 e6 6. d4 Nd7 7. Bf4 Ndf6 8.
Bg5 h6 9. Bxf6 Nxf6 10. Nc3 Bb4 11. Nge2 O-O 12. O-O Qc7 13. a3 Ba5 14. b4 Bb6
15. Qd2 Rad8 16. Bf3 Rd7 17. Qe3 Rfd8 18. Qe5 Bxc2 19. Qxc7 Rxc7 20. Rac1 Bb3
21. Be4 Rcc8 22. Rb1 Bc4 23. Rfe1 Bxd4 24. Rbd1 Nxe4 25. Nxe4 Bxe2 26. Rxe2 f5
27. Nc5 Bxf2+ 28. Kxf2 Rxd1 29. Nxe6 0-1

[Event "DVM U20w 2009"]
[Site "Chemnitz GER"]
[Date "2009.12.29"]
[Round "6"]
[White "Müller, Anna-Louise"]
[Black "Mitze, Teresa"]
[Result "1-0"]
[Termination "normal"]
[Board "6.3"]
[WhiteElo "1644"]
[BlackElo "767"]
[WhiteTeam "SV Empor-Berlin"]
[BlackTeam "SC 1979 Hattersheim"]
[PlyCount "65"]
[WhiteFideId "4633512"]
[EventCountry "GER"]
[EventRounds "7"]
[EventType "team-swiss"]
[EventDate "2009.12.26"]

1. e4 e5 2. Nf3 Nc6 3. d4 d6 4. dxe5 dxe5 5. Qxd8+ Nxd8 6. Nxe5 Nf6 7. f3 Bd6
8. Nc4 Bc5 9. Be3 Ne6 10. Bxc5 Nxc5 11. Nc3 O-O 12. O-O-O Be6 13. Be2 g6 14.
Nb5 c6 15. Nd4 Rad8 16. Nxe6 Nxe6 17. Nd6 Nc5 18. Rd2 b5 19. Rhd1 a6 20. f4
Nfxe4 21. Nxe4 Rxd2 22. Nxd2 Nb7 23. Bf3 Nd8 24. Ne4 Ne6 25. Nf6+ Kg7 26. Nd7
Rd8 27. g3 Re8 28. Bxc6 h5 29. Nc5 Re7 30. Nxa6 f6 31. Bxb5 f5 32. Re1 Kf7 33.
Bc4 1-0

[Event "DVM U20w 2009"]
[Site "Chemnitz GER"]
[Date "2009.12.29"]
[Round "6"]
[White "Rogasch, Miriam"]
[Black "Lösch, Caroline"]
[Result "1-0"]
[Termination "normal"]
[Board "7.1"]
[WhiteElo "1911"]
[BlackElo "1278"]
[WhiteTeam "SV Gryps"]
[BlackTeam "SC Vaterstetten"]
[PlyCount "59"]
[WhiteFideId "4616324"]
[BlackFideId "12909971"]
[EventCountry "GER"]
[EventRounds "7"]
[EventType "team-swiss"]
[EventDate "2009.12.26"]

1. e4 e5 2. Nf3 Nc6 3. Bc4 Nf6 4. d3 Bc5 5. O-O h6 6. c3 d6 7. b4 Bb6 8. a4 a6
9. Nbd2 O-O 10. Bb2 Bg4 11. h3 Bh5 12. Re1 Ba7 13. Nf1 d5 14. exd5 Nxd5 15. Ng3
Bxf3 16. Qxf3 Nf4 17. d4 Qf6 18. Ne4 Qg6 19. Ba2 Rad8 20. b5 Ne7 21. dxe5 Nd3
22. Re2 Nxe5 23. Qg3 Qxg3 24. Nxg3 N7g6 25. Nf5 Nd3 26. Ba3 Rfe8 27. Ne3 Ngf4
28. Rd2 Rxe3 29. Rad1 Re1+ 30. Rxe1 1-0